000 01051nam a2200349 a 4500
003 AR-BaBNM
005 20251128203258.0
008 082120s2002 ||||||||||||||000 | spa||
040 _cAR-BaBNM
100 1 _aChaloner, Len
245 0 0 _aEmoción y percepción en el niño pequeño
250 _a1ª ed.
260 _aBuenos Aires
_bPaidós
_c1969
300 _a125 p.
490 0 _aBiblioteca del educador contemporáneo
_vv. 111
504 _aBibliografía: p. 120-125
650 4 _aPSICOLOGIA DEL NIÑO
650 4 _aPSICOLOGIA AFECTIVA
650 4 _aDESARROLLO DEL NIÑO
650 4 _aEMOCIONES
650 4 _aDESARROLLO DEL LENGUAJE
650 4 _aDESARROLLO AFECTIVO
650 4 _aEDUCACION DE LA PRIMERA INFANCIA
653 _aORIENTACION EDUCATIVA
653 _aNIÑOS DE JARDIN DE INFANTES
700 1 _aD.E.M. Gardner, M.A.
_eprologuista
700 1 _aLeal, Carlos Aníbal
_etraductor
800 1 _aRomero Brest, Gilda Lamarque de
_edirector
800 1 _aBernstein, Jaime
_edirector
942 _cBK
998 _cSILVI
999 _c2689
_d2689